| 000 | 00664nam a2200217 a 4500 | ||
|---|---|---|---|
| 005 | 20240924064215.0 | ||
| 008 | 100903s2008 mx r 000 0 spa d | ||
| 020 | _a9786077516132 | ||
| 035 | _aUPN01000177681 | ||
| 049 | _aCG | ||
| 050 | 4 |
_aLA421.8 _bP4.7 |
|
| 245 | 0 | 0 |
_aPescador : _bpensamiento educativo / _ccomp. Ismael Vidales Delgado. |
| 260 |
_aMonterrey : _bCECyTE, _cc2008. |
||
| 300 | _a282 p. | ||
| 440 | 0 |
_aAltos estudios ; _v11 |
|
| 650 | 4 |
_aEducación _zMéxico _xHistoria _9187 |
|
| 650 | 4 |
_aEducación _zMéxico _95405 |
|
| 600 | 1 | 4 |
_aPESCADOR OSUNA, JOSE ANGEL _920053 |
| 700 | 1 |
_aVidales Delgado, Ismael, _d1943- _ecomp. _929623 |
|
| 905 | _aLibro | ||
| 999 |
_c149784 _d149784 |
||